[Event "Mislata op8th"]
[Site "Valencia"]
[Date "1999.??.??"]
[Round "6"]
[White "Valero Perez, Francisco Javier"]
[Black "Anguix Garrido, Juan Francisco"]
[Result "1/2-1/2"]
[WhiteElo "2237"]
[BlackElo "2404"]

1.d4 f5 2.Nf3 Nf6 3.g3 g6 4.Bg2 Bg7 5.O-O O-O 6.c4 d6 7.Nc3 c6 8.e3 Kh8 9.b3 Na6
10.Bb2 Qe8 11.d5 Bd7 12.Ne2 Rd8 13.Nf4 e5 14.dxe6 Bxe6 15.Nxe6 Qxe6 16.Qe2 Rfe8
17.Rfd1 Nc5 18.Ng5 Qe7 19.h4 Ne6 20.Nxe6 Qxe6 21.Rd2 Ne4 22.Bxg7+ Kxg7 23.Bxe4  1/2-1/2

[Event "JUG-chT"]
[Site "Vrnjacka Banja"]
[Date "1999.??.??"]
[Round "11"]
[White "Indjic, Dusan"]
[Black "Markovic, Ivan"]
[Result "1/2-1/2"]
[WhiteElo "2315"]
[BlackElo "2456"]

1.d4 f5 2.g3 Nf6 3.Nf3 g6 4.Bg2 Bg7 5.O-O O-O 6.c4 d6 7.b3 Qe8 8.Bb2 Na6
9.Qc1 c6 10.Nbd2 h6 11.e3 g5 12.a3 Qh5 13.b4 Bd7 14.Qc2  1/2-1/2

[Event "Zaragoza op 11th"]
[Site "Zaragoza"]
[Date "1999.??.??"]
[Round "7"]
[White "Asensio Soto, Fermin"]
[Black "De la Villa Garcia, Jesus Maria"]
[Result "1/2-1/2"]
[WhiteElo "2145"]
[BlackElo "2475"]

1.d4 f5 2.Nf3 g6 3.g3 Bg7 4.Bg2 Nf6 5.O-O O-O 6.c4 d6 7.d5 Nbd7 8.Nc3 Ne5
9.Nxe5 dxe5 10.f4 e4 11.Be3 Ng4 12.Bd4 e5 13.fxe5 Nxe5 14.e3 Qe7 15.b3 h5
16.h4 c5 17.dxc6 bxc6 18.Ne2 Rd8 19.Qc1 Nd3 20.Qc3 Rxd4 21.exd4 c5 22.Qa5 Bb7
23.dxc5 Bxa1 24.Rxa1 Nxc5 25.Nf4 Qd6 26.Kh2 Rf8 27.Rf1 Kh7 28.b4 Nd7 29.c5  1/2-1/2

[Event "VII Anibal Open"]
[Site "Linares ESP"]
[Date "2000.01.10"]
[Round "4"]
[White "Hovhanisian,M"]
[Black "Dzhumaev,M"]
[Result "0-1"]
[WhiteElo "2361"]
[BlackElo "2457"]

1.d4 f5 2.Nf3 Nf6 3.g3 g6 4.Bg2 Bg7 5.O-O O-O 6.c4 d6 7.Nc3 Qe8 8.d5 Na6
9.Be3 c5 10.dxc6 bxc6 11.Rc1 c5 12.Qd2 Rb8 13.b3 Nc7 14.Bh6 Bxh6 15.Qxh6 e5
16.Rcd1 Qe7 17.Qd2 e4 18.Ng5 Rb6 19.Nh3 Re8 20.Nf4 Bb7 21.h4 Qg7 22.Na4 Ra6
23.Nc3 h6 24.a4 g5 25.hxg5 hxg5 26.Nh3 f4 27.Nb5 Ne6 28.Qc3 f3 29.exf3 exf3
30.Bxf3 Bxf3 31.Qxf3 g4 32.Qf5 gxh3 33.Nxd6 Re7 34.Rfe1 Nf8 35.Qxc5 Qg4 36.Rxe7 Qxd1+
37.Kh2 Ng4+ 38.Kxh3 Rxd6 39.Kg2 Rf6 40.Qd5+ Qxd5+ 41.cxd5 Rxf2+ 42.Kh3 Nf6
43.Rxa7 N8h7 44.g4 Ng5+ 45.Kh4 Nge4 46.Kh3 Rf3+ 47.Kh4 Rg3 48.d6 Rg1 49.Kh3 Ng5+  0-1

[Event "Petroff Mem Open"]
[Site "St Petersburg RUS"]
[Date "2000.02.10"]
[Round "4"]
[White "Achang,A"]
[Black "Jaghubov,E"]
[Result "1-0"]
[WhiteElo "2332"]
[BlackElo "2271"]

1.d4 f5 2.Nf3 Nf6 3.g3 g6 4.Bg2 Bg7 5.O-O O-O 6.c4 d6 7.Nc3 Qe8 8.Nd5 Nxd5
9.cxd5 Qb5 10.Ng5 c6 11.e4 fxe4 12.Nxe4 Qb6 13.dxc6 bxc6 14.d5 Kh8 15.Nc3 Ba6
16.Re1 Qxf2+ 17.Kh1 Nd7 18.Rxe7 Ne5 19.Ne4 Nd3 20.Rxg7 Kxg7 21.Bd2 cxd5 22.Bc3+ d4
23.Qa4 Qe2 24.Qxd4+ Ne5 25.Qxd6  1-0

[Event "Open"]
[Site "Bunratty IRL"]
[Date "2000.02.13"]
[Round "6"]
[White "McCarthy,Ji"]
[Black "Barber,H"]
[Result "1-0"]
[WhiteElo "2147"]
[BlackElo "2310"]

1.d4 f5 2.g3 Nf6 3.Bg2 g6 4.Nf3 Bg7 5.O-O O-O 6.c4 d6 7.Nc3 Nc6 8.d5 Ne5
9.Nxe5 dxe5 10.Qb3 e6 11.Rd1 Qe7 12.Bg5 e4 13.Rac1 h6 14.Bxf6 Qxf6 15.c5 Qf7
16.d6 cxd6 17.cxd6 Bd7 18.e3 Bc6 19.Bf1 Rad8 20.Bc4 Rfe8 21.Nb5 Rd7 22.Nc7 Rxc7
23.dxc7 Qxc7 24.Bxe6+ Kh7 25.Bd7 Re7 26.Bxc6 bxc6 27.Rd2 g5 28.Rdc2 f4 29.Rxc6 Qe5
30.exf4 gxf4 31.Rc8 e3 32.Qg8+ Kg6 33.R8c6+ Kh5 34.R6c5  1-0

[Event "Goodricke Open"]
[Site "Calcutta IND"]
[Date "2000.02.15"]
[Round "10"]
[White "Vakhidov,T"]
[Black "Dao Thien Hai"]
[Result "0-1"]
[WhiteElo "2505"]
[BlackElo "2550"]

1.c4 f5 2.d4 Nf6 3.g3 g6 4.Bg2 Bg7 5.Nf3 O-O 6.O-O d6 7.Nc3 Qe8 8.d5 Na6
9.Rb1 Bd7 10.b4 c6 11.dxc6 bxc6 12.a3 Nc7 13.Bb2 Rb8 14.Ba1 Ne6 15.e3 Nd8
16.c5 d5 17.Ne2 Nf7 18.Ne5 Ng4 19.Nxd7 Qxd7 20.Bxg7 Kxg7 21.b5 cxb5 22.Qxd5 Qxd5
23.Bxd5 e5 24.Rfc1 Nf6 25.Bxf7 Kxf7 26.c6 Rfc8 27.Rc5 Ne4 28.Rxe5 Rxc6 29.Nd4 Ra6
30.Rexb5 Rxb5 31.Nxb5 Ra5 32.Rb3 Nc5 33.Rb4 Kf6 34.Rb2 a6 35.Nc7 Rxa3 36.Rb6+ Ke7
37.Nd5+ Kf7 38.Rf6+ Kg7 39.Rc6 Ne4 40.Rc7+ Kh6 41.Rc2 Rd3 42.Nb4 Rd1+ 43.Kg2 a5
44.Na2 Rd2 45.Rxd2 Nxd2 46.Nc3 Kg7 47.f3 Kf6 48.Kf2 Ke6 49.Ke2 Nc4 50.e4 fxe4
51.Nxe4 Kd5 52.Nc3+ Kd4 53.Na4 g5 54.h3 Nd6 55.Kf2 Nb7 56.f4 gxf4 57.gxf4 Nc5
58.f5 Nxa4  0-1

[Event "Petroff Mem Open"]
[Site "St Petersburg RUS"]
[Date "2000.02.15"]
[Round "8"]
[White "Bu Xiangzhi"]
[Black "Ragozin,E"]
[Result "1/2-1/2"]
[WhiteElo "2565"]
[BlackElo "2475"]

1.d4 f5 2.c4 Nf6 3.g3 g6 4.Bg2 Bg7 5.Nf3 O-O 6.O-O c6 7.b3 d6 8.Bb2 Na6 9.Nc3 Qa5
10.a3 e5 11.b4 Qc7 12.b5 Nb8 13.bxc6 bxc6 14.d5 e4 15.Nd4 Qb7 16.Rb1 cxd5
17.cxd5 Na6 18.Nc6 Nc5 19.Na4 Qf7 20.Nxc5 dxc5 21.Qc2 Ba6 22.Rfd1 Nd7 23.Bc1 Kh8
24.Be3 Rfe8 25.Bf1 h6 26.Qa4 Bc8 27.Qa5 g5 28.Nd8 Qf6 29.Ne6 f4 30.Nxg7 Qxg7
31.Bxc5 Nxc5 32.Qxc5 e3 33.fxe3 fxg3 34.hxg3 Bf5 35.Rb4 Rac8 36.Qd4 Qxd4
37.Rdxd4 Rc1 38.Rbc4 Ra1 39.g4 Bd7 40.Rc7 Bb5 41.Rf7 Kg8 42.Rf2 Rxe3 43.Kh2 Raxa3
44.d6 Bd7 45.Bg2 Kg7 46.Bd5 Rh3+ 47.Kg2 Rhg3+ 48.Kh1 Rh3+ 49.Kg1 Rhg3+ 50.Kh2 Rh3+
51.Kg2  1/2-1/2

[Event "Open"]
[Site "Cannes FRA"]
[Date "2000.02.23"]
[Round "4"]
[White "Maruejols,C"]
[Black "Bonvalot,I"]
[Result "1-0"]
[WhiteElo "2129"]
[BlackElo "2005"]

1.d4 f5 2.g3 g6 3.Bg2 Bg7 4.Nf3 Nf6 5.O-O O-O 6.c4 d6 7.Nc3 c6 8.d5 e5 9.dxe6 Bxe6
10.Qd3 Na6 11.Ng5 Nc5 12.Nxe6 Nxe6 13.Rd1 Ne8 14.e3 Qf6 15.Ne2 g5 16.Rb1 Nc5
17.Qc2 Rd8 18.b4 Ne6 19.b5 f4 20.exf4 gxf4 21.Nxf4 Nd4 22.Rxd4 Qxd4 23.Ne6 Qe5
24.Nxf8 Qe1+ 25.Bf1 Bxf8 26.Bg5 Qa5 27.Bxd8 Qxd8 28.bxc6 bxc6 29.Rb7 Ng7
30.Bd3 h5 31.h4 a5 32.Qe2 Qf6 33.Qe4 Qh6 34.Kg2 c5 35.Ra7 Ne6 36.Rh7 Qf6
37.Rxh5 Bg7 38.Qh7+  1-0

[Event "ch-Serbia"]
[Site "Kragujevac YUG"]
[Date "2000.02.23"]
[Round "5"]
[White "Dodic,D"]
[Black "Prelevic,D"]
[Result "1-0"]
[WhiteElo "2194"]
[BlackElo "2332"]

1.d4 f5 2.Nf3 Nf6 3.g3 g6 4.Bg2 Bg7 5.c4 O-O 6.O-O d6 7.Nc3 Qe8 8.Bg5 e5
9.dxe5 dxe5 10.Bxf6 Bxf6 11.Nd5 Bd8 12.Qd2 c6 13.Nc3 e4 14.Nd4 Rf7 15.Rad1 Bc7
16.b4 Nd7 17.f4 Nf6 18.e3 Bd7 19.a4 Qf8 20.Qb2 Qh6 21.h4 Qg7 22.Bh3 h6 23.Kh1 Nh5
24.Rg1 Nf6 25.c5 Qh7 26.Qb3 Kh8 27.Ne6 Bxe6 28.Qxe6 Re8 29.Qc4 g5 30.Rd2 Kg7
31.Rf2 g4 32.Bg2 Rd7 33.Rd1 Rxd1+ 34.Nxd1 Rd8 35.Nb2 Qg8 36.Qc3 Qa2 37.Bf1 Qd5
38.Bc4 Qd7 39.Kg2 Kg6 40.a5 Nd5 41.Qb3 a6 42.Rc2 Qg7 43.Kf2 Rd7 44.Ke2 Bd8
45.Bxd5 Rxd5 46.Rd2 Qd7 47.Nc4 Rxd2+ 48.Nxd2 Qd5 49.Qxd5 cxd5 50.Nb3 h5 51.Nd4 Kf6
52.c6 bxc6 53.Nxc6 Bc7 54.b5 axb5 55.a6  1-0

[Event "Open"]
[Site "Cannes FRA"]
[Date "2000.02.26"]
[Round "7"]
[White "Plachkinova,T"]
[Black "Chaplin,E"]
[Result "1-0"]
[WhiteElo "2071"]
[BlackElo "2212"]

1.d4 f5 2.g3 Nf6 3.Bg2 g6 4.Nf3 Bg7 5.O-O O-O 6.c4 d6 7.Nc3 Nc6 8.d5 Na5
9.Qd3 e5 10.dxe6 Bxe6 11.b3 Nc6 12.Bb2 Nh5 13.Qd2 f4 14.Nd5 Bxb2 15.Qxb2 Ne7
16.Ng5 Bxd5 17.cxd5 Ng7 18.Rfd1 fxg3 19.hxg3 Nef5 20.Ne4 Qe7 21.Rac1 h6 22.Rc2 Rad8
23.Rdc1 Rd7 24.Qc3 Ne8 25.b4 Qd8 26.b5 Rdf7 27.Qa5 Nf6 28.Nxf6+ Qxf6 29.e3 h5
30.Qc3 Qg5 31.e4 Nh6 32.f4 Qd8 33.Bh3 Rf6 34.Qxc7 Qe8 35.Be6+ Kh8 36.Qxd6 Qxb5
37.Rc8 Qb6+ 38.Qxb6 axb6 39.e5  1-0

[Event "Belgian Interteams 1999-2000"]
[Site "Antwerp BEL"]
[Date "2000.03.19"]
[Round "11"]
[White "Luminet,D"]
[Black "Thirion,M"]
[Result "0-1"]
[WhiteElo "2279"]
[BlackElo "2221"]

1.Nf3 f5 2.g3 Nf6 3.Bg2 g6 4.O-O Bg7 5.d4 O-O 6.c4 d6 7.Nc3 Nc6 8.d5 Na5
9.Qd3 c5 10.Bg5 a6 11.Rad1 Rb8 12.b3 b5 13.Rfe1 bxc4 14.bxc4 Rb4 15.Nd2 Ng4
16.Bf4 Bd7 17.Rb1 Qb6 18.h3 Ne5 19.Bxe5 dxe5 20.e4 f4 21.a3 fxg3 22.fxg3 Rb2
23.Rf1 Bh6 24.Rxf8+ Kxf8 25.Rf1+ Kg8 26.Nf3 Qb8 27.Kh2 Qc8 28.Nxe5 Bxh3 29.Ne2 Bxg2
30.Kxg2 Bg7 31.Nf3 Qg4 32.Rf2 h5 33.Nf4 Rxf2+ 34.Kxf2 h4 35.Nxh4 g5 36.Nhg6 gxf4
37.Nxe7+ Kf8 38.Nf5 fxg3+ 39.Nxg3 Bd4+ 40.Kg2 Be5 41.d6 Qxg3+ 42.Qxg3 Bxg3
43.Kxg3 Nxc4 44.Kf4 Nxd6 45.Ke5 Ke7 46.Kd5 Nxe4 47.Kxe4 Ke6 48.Kd3 Kd5 49.Kc3 c4
50.Kc2 Kd4 51.Kd2 c3+ 52.Kc1 Kc4  0-1

[Event "16th Spring Festival"]
[Site "Budapest HUN"]
[Date "2000.03.19"]
[Round "3"]
[White "Kis,B"]
[Black "Galyas,M"]
[Result "1/2-1/2"]
[WhiteElo "2215"]
[BlackElo "2440"]

1.d4 f5 2.g3 Nf6 3.Bg2 g6 4.Nf3 Bg7 5.O-O O-O 6.c4 d6 7.Nc3 c6 8.b3 Qa5 9.Bb2 e5
10.dxe5 dxe5 11.e4 f4 12.Qd6 Ne8 13.Qd2 Bg4 14.h3 Bxf3 15.Bxf3 Na6 16.Rad1 Nc5
17.Na4 Qxd2 18.Rxd2 Nxa4 19.bxa4 Nc7 20.Rd7 Ne6 21.Rxb7 Rab8 22.Rxb8 Rxb8
23.Bc3 fxg3 24.fxg3 Nd4 25.Kg2 Rf8  1/2-1/2

[Event "16th Spring Festival"]
[Site "Budapest HUN"]
[Date "2000.03.21"]
[Round "5"]
[White "Szeberenyi,A"]
[Black "Galyas,M"]
[Result "1-0"]
[WhiteElo "2257"]
[BlackElo "2440"]

1.d4 f5 2.g3 Nf6 3.Bg2 g6 4.Nf3 Bg7 5.O-O O-O 6.c4 d6 7.Nc3 Qe8 8.Nd5 Nxd5
9.cxd5 c6 10.dxc6 bxc6 11.Qa4 e5 12.dxe5 dxe5 13.e4 f4 14.Bd2 h6 15.Bb4 Rf7
16.Rfd1 Na6 17.Bd6 fxg3 18.fxg3 Bg4 19.Qxa6 Bxf3 20.Bxf3 Rxf3 21.Rac1 Rd8
22.Qxa7 Qe6 23.Qe7 Qxe7 24.Bxe7 Rd4 25.Bc5 Rxe4 26.Rd8+ Kh7 27.Rd2 Rf7 28.b3 h5
29.Rf1 Rb7 30.Kg2 Rg4 31.h3 Rg5 32.Be3 Rf5 33.Rc2 e4 34.Rxf5 gxf5 35.Rxc6 h4
36.g4 fxg4 37.hxg4 Rf7 38.Re6 h3+ 39.Kh2 Rf3 40.Rxe4 Bf8 41.Re6 Kg7 42.Bd4+ Kf7
43.Re2 Kg6 44.Rf2 Bd6+ 45.Kh1 Rxf2 46.Bxf2  1-0

[Event "21st Open A"]
[Site "Bled SLO"]
[Date "2000.03.25"]
[Round "1"]
[White "Jankovic,A"]
[Black "Balinov,I"]
[Result "1/2-1/2"]
[WhiteElo "2320"]
[BlackElo "2478"]

1.d4 f5 2.Nf3 Nf6 3.g3 g6 4.Bg2 Bg7 5.O-O O-O 6.c4 d6 7.Nc3 Qe8 8.b3 Na6
9.Bb2 c6 10.e3 h6 11.a3 e5 12.b4 e4 13.Nd2 Nc7 14.Rc1 Be6 15.Ne2 g5 16.d5 cxd5
17.Nd4 Bd7 18.Qb3 Kh7 19.b5 Qg6 20.cxd5 Ncxd5 21.f3 f4 22.exf4 e3 23.f5 Bxf5
24.Ne4 Nxe4 25.Qxd5 Nc5 26.g4 Bd3 27.Rfe1 Rae8 28.Ba1 Rf4 29.Ne2 Rf7 30.Bxg7 Rxg7
31.f4 Be4 32.f5 Qf6 33.Bxe4 Rxe4 34.Ng3 Re5 35.Qf3 Rge7 36.Rc3 e2 37.Nh5 Qf7
38.Rc2 Re3 39.Rcxe2 Rxf3 40.Rxe7 Kg8 41.Re8+ Qf8 42.R1e7 Qxe8 43.Rxe8+ Kf7
44.Rh8 d5 45.Rh7+ Kf8 46.Rh8+ Kf7 47.Rh7+ Kf8 48.Rh8+ Ke7 49.f6+ Ke6 50.Rf8 Nd7
51.Re8+ Kd6 52.Kg2 Rxa3 53.f7 Ra2+ 54.Kf1 Ra1+ 55.Kg2  1/2-1/2

[Event "XVIII Open"]
[Site "Metz FRA"]
[Date "2000.04.18"]
[Round "4"]
[White "Lutz,T"]
[Black "Philippe,C"]
[Result "1-0"]
[WhiteElo "2047"]
[BlackElo "2293"]

1.Nf3 f5 2.d4 Nf6 3.g3 g6 4.Bg2 Bg7 5.c4 O-O 6.O-O d6 7.Nc3 Qe8 8.b3 e5 9.dxe5 dxe5
10.Ba3 Rf7 11.Qc2 e4 12.Ng5 Rd7 13.Rad1 Nc6 14.Nd5 h6 15.Nh3 Nxd5 16.cxd5 Nd4
17.Qc4 b5 18.Qc5 Nxe2+ 19.Kh1 Nc3 20.Rd2 Bb7 21.Nf4 Qf7 22.Bb4 Nxd5 23.Qxb5 c6
24.Qc4 g5 25.Ne2 a5 26.Bc3 Re7 27.Bxg7 Qxg7 28.Nd4 Qf6 29.Rc1 Rf7 30.Nxc6 Rc8
31.Qxd5 Bxc6 32.Qxa5 e3 33.Rdc2 exf2 34.Rxc6 Rxc6 35.Qa8+ Kh7 36.Qxc6 Qe5
37.Qc5 Rc7 38.Qxc7+  1-0

[Event "Cat IV Women"]
[Site "Banja Dvorovi YUG"]
[Date "2000.05.09"]
[Round "4"]
[White "Nestorovic,I"]
[Black "Rodic Kures,G"]
[Result "0-1"]
[WhiteElo "2111"]
[BlackElo "2045"]

1.d4 f5 2.c4 g6 3.g3 Nf6 4.Bg2 Bg7 5.Nf3 O-O 6.O-O d6 7.Nc3 Qe8 8.d5 Na6
9.Rb1 c5 10.dxc6 bxc6 11.Nd4 Bd7 12.b4 Rc8 13.Nc2 Nc7 14.Qd3 Qf7 15.Ne3 f4
16.gxf4 Nh5 17.f5 gxf5 18.f4 Qg6 19.Ned1 Kh8 20.Kh1 Bf6 21.Be3 Rg8 22.Bh3 Qh6
23.Nf2 Ne6 24.Bxa7 Nexf4 25.Qe3 Ra8 26.Bb6 Qg5 27.a4 Qh4 28.Rg1 Nxh3 29.Qxh3 Qxh3
30.Nxh3 Bxc3 31.Ng5 h6 32.Nf7+ Kh7 33.Rgc1 Bf6 34.Be3  0-1

[Event "ch-RUS Women"]
[Site "Elista RUS"]
[Date "2000.05.12"]
[Round "2"]
[White "Bezgodova,S"]
[Black "Malina,D"]
[Result "0-1"]
[WhiteElo "2268"]
[BlackElo "2149"]

1.Nf3 f5 2.g3 Nf6 3.Bg2 g6 4.O-O Bg7 5.d4 O-O 6.c4 d6 7.Nc3 Qe8 8.d5 a5 9.Nd4 Na6
10.Rb1 Bd7 11.a3 Nc5 12.Ncb5 Na6 13.h3 c6 14.Nc3 Nc7 15.Qb3 c5 16.Nf3 b5
17.cxb5 Nxb5 18.Nxb5 Bxb5 19.Ng5 Bd7 20.Bd2 h6 21.Ne6 Bxe6 22.dxe6 Rb8 23.Qc2 Qb5
24.Bc3 a4 25.Rfe1 Qc4 26.Rbc1 Ne4 27.Bxg7 Qxc2 28.Rxc2 Kxg7 29.e3 Rb3 30.Ree2 Rfb8
31.h4 Kf6 32.h5 gxh5 33.Rc4 Rxb2 34.Rxb2 Rxb2 35.Bxe4 fxe4 36.Rxe4 d5 37.Rxa4 c4
38.Ra6 Ke5 39.Kg2 Ke4 40.Ra7 Rb6 41.Rxe7 Rc6 42.Re8 c3 43.e7 Rc7 44.a4 c2
45.Rd8 Rxe7 46.Rc8 Kd3 47.Rc5 Rd7  0-1

[Event "ch-RUS Women"]
[Site "Elista RUS"]
[Date "2000.05.14"]
[Round "4"]
[White "Ovchinikova,J"]
[Black "Malina,D"]
[Result "0-1"]
[WhiteElo "2221"]
[BlackElo "2149"]

1.d4 f5 2.c4 Nf6 3.Nf3 g6 4.g3 Bg7 5.Bg2 O-O 6.O-O d6 7.Nc3 Qe8 8.Nd5 Nxd5
9.cxd5 Qb5 10.Ng5 h6 11.Ne6 Bxe6 12.dxe6 d5 13.Be3 c6 14.Qd2 Kh7 15.a4 Qb6
16.a5 Qb5 17.Rfc1 Na6 18.Bf1 Qb4 19.Qd3 Nc7 20.Rc3 Nb5 21.Rb3 Qd6 22.a6 b6
23.Bg2 Qxe6 24.Rc1 Rac8 25.h4 Qd7 26.Bf3 e6 27.Bg2 Qe7 28.f3 Qf6 29.Rb4 Rfe8
30.Bf2 e5 31.dxe5 Qxe5 32.h5 g5 33.e4 dxe4 34.fxe4 Rcd8 35.Qf3 Nd4 36.Rxd4 Rxd4
37.Rxc6 Rxe4 38.Qb3 Re2 39.Qf7 Kh8 40.Bxb6 axb6 41.Qc4 Qxg3  0-1

[Event "Open"]
[Site "Pula CRO"]
[Date "2000.05.21"]
[Round "6"]
[White "Macek,V"]
[Black "Richter,B"]
[Result "1-0"]
[WhiteElo "2244"]
[BlackElo "2135"]

1.d4 f5 2.g3 Nf6 3.Bg2 g6 4.Nf3 Bg7 5.O-O O-O 6.c4 d6 7.Nc3 Nc6 8.d5 Ne5
9.Nxe5 dxe5 10.Qb3 h6 11.Rd1 Kh8 12.Bd2 g5 13.c5 a6 14.Be1 e4 15.f3 e3 16.Qb4 Nd7
17.f4 Qe8 18.Na4 Nf6 19.d6 exd6 20.cxd6 cxd6 21.Nb6 Rb8 22.Qxd6 Be6 23.Bc3 Qf7
24.a4 Rbe8 25.Be5 Rg8 26.Qd4 Ng4 27.Bxg7+ Rxg7 28.fxg5 hxg5 29.Rdc1 f4 30.h3 Nf2
31.g4 Bxg4 32.hxg4 Nxg4 33.Rf1 Nf2 34.Nd5 Qd7 35.Qf6 Re6 36.Qf8+ Kh7 37.Nf6+ Rxf6
38.Qxf6 Qg4 39.Rxf2 exf2+ 40.Kxf2 Qg3+ 41.Kf1 Qe3 42.Qf5+ Kh6 43.Rd1 Rc7
44.Rd6+ Kh5 45.Bf3+  1-0

[Event "Master Open"]
[Site "Lausanne SUI"]
[Date "2000.06.02"]
[Round "5"]
[White "Hebden,M"]
[Black "Firman,N"]
[Result "0-1"]
[WhiteElo "2493"]
[BlackElo "2261"]

1.d4 f5 2.g3 Nf6 3.Bg2 g6 4.Nf3 Bg7 5.O-O O-O 6.c4 d6 7.Nc3 Qe8 8.d5 Na6
9.Rb1 c5 10.dxc6 bxc6 11.b4 Bd7 12.a3 h6 13.Bb2 g5 14.e3 Nc7 15.Qe2 e5 16.Rfd1 e4
17.Nd4 Rd8 18.b5 c5 19.Nb3 f4 20.exf4 Bg4 21.f3 exf3 22.Bxf3 Qh5 23.Nd2 Rde8
24.Qg2 Bxf3 25.Nxf3 Ng4 26.Rxd6 Ne3 27.Qf2 Nxc4 28.Nd5 Nxd5 29.Bxg7 Nxd6
30.Bxf8 Ne4 31.Qg2 Kxf8 32.g4 Qg6 33.Ne5 Qh7 34.Re1 Ndf6 35.Qf3 gxf4 36.Qxf4 Kg8
37.a4 Qc7 38.Nd3 Qxf4 39.Nxf4 Nxg4 40.a5 Ngf6 41.Kg2 Rb8 42.Rb1 Nc3 43.Rc1 Nfe4  0-1

[Event "FSIMA June"]
[Site "Budapest HUN"]
[Date "2000.06.13"]
[Round "11"]
[White "Froehlich,P"]
[Black "Antal,Ge"]
[Result "0-1"]
[WhiteElo "2375"]
[BlackElo "2339"]

1.c4 f5 2.Nf3 Nf6 3.g3 g6 4.Bg2 Bg7 5.O-O O-O 6.d4 d6 7.b3 e5 8.dxe5 dxe5
9.Ba3 Qxd1 10.Rxd1 Re8 11.Nc3 e4 12.Ne1 Be6 13.Nb5 Na6 14.Rac1 Red8 15.f3 Bh6
16.f4 Bf8 17.Bxf8 Kxf8 18.Nc2 Ke7 19.Bf1 c6 20.Nc3 h5 21.Rxd8 Rxd8 22.Rd1 Rxd1
23.Nxd1 b5 24.cxb5 cxb5 25.e3 Nc7 26.Nd4 Bd7 27.b4 a6 28.h3 Kd6 29.Kf2 Be8
30.a3 Bf7 31.Nb2 Ncd5 32.Nc2 Nc3 33.Ke1 Bb3 34.Kd2 Nb1+ 35.Kc1 Bxc2 36.Kxc2 Nxa3+
37.Kb3 Nd5 38.Nd1 Nb1 39.Kc2 Nbc3 40.Nf2 Nxe3+ 41.Kxc3 Nxf1 42.g4 e3 43.Nd3 hxg4
44.hxg4 fxg4 45.Ne1 Ng3 46.Kd3 Nf5  0-1

[Event "FSIMA July"]
[Site "Budapest HUN"]
[Date "2000.07.03"]
[Round "3"]
[White "Yates Doerr,R"]
[Black "Zhao Xue"]
[Result "1/2-1/2"]
[WhiteElo "2297"]
[BlackElo "2373"]

1.Nf3 g6 2.c4 f5 3.g3 Bg7 4.Bg2 Nf6 5.O-O O-O 6.d4 d6 7.Nc3 c6 8.d5 Bd7 9.Rb1 Na6
10.b3 Qe8 11.Bb2 h6 12.Nd4 g5 13.e3 Rc8 14.Qe2 Qg6 15.Rbe1 Nc5 16.Rd1 a5
17.a3 Nce4 18.Nxe4 fxe4 19.Ne6 Bxe6 20.dxe6 Qf5 21.Qc2 d5 22.cxd5 cxd5 23.Qd2 Rfd8
24.Qxa5 Qxe6 25.Rc1 Nd7 26.Bxg7 Kxg7 27.Rfd1 Rxc1 28.Rxc1 b6 29.Qc3+ Ne5
30.Bh3 Qf6 31.Bg2 Rf8 32.Rc2 h5 33.h3 h4 34.g4 Kh7 35.Kf1 Qd6 36.Qc7 Qxc7
37.Rxc7 Nd3 38.Rxe7+ Kg8 39.Rd7 Rc8 40.Kg1 Rc1+ 41.Kh2 Rc3 42.Rxd5 Rxb3 43.Rxg5+ Kh8
44.Bxe4 Nxf2 45.Bg2 Rxe3 46.Rh5+ Kg7 47.Rxh4 Rxa3 48.Rh5 Rb3 49.Bc6 Rc3 50.Bg2 Rb3
51.Bf1 Ne4 52.Rb5 Rxb5 53.Bxb5 Nc3 54.Bd3 b5 55.Kg2 b4 56.Bc2 Ne2 57.Kf2 Nd4
58.Bd3 b3 59.Ke3 Nc6 60.Ke4 Nb4 61.Bb1 Nc2 62.Kf5 Na3 63.Be4 b2 64.h4 b1=Q
65.Bxb1 Nxb1 66.g5 Nc3 67.h5 Nd5 68.g6 Ne7+ 69.Kg5  1/2-1/2

[Event "FSIMA July"]
[Site "Budapest HUN"]
[Date "2000.07.06"]
[Round "6"]
[White "Keatinge Clay,A"]
[Black "Zhao Xue"]
[Result "1/2-1/2"]
[WhiteElo "2287"]
[BlackElo "2373"]

1.d4 f5 2.c4 Nf6 3.g3 g6 4.Bg2 Bg7 5.Nf3 O-O 6.O-O d6 7.Nc3 c6 8.d5 Bd7 9.Rb1 Na6
10.dxc6 bxc6 11.b4 Rb8 12.b5 Nc5 13.Nd4 Nfe4 14.Bb2 cxb5 15.Nxe4 fxe4 16.cxb5 Qe8
17.Nb3 Bxb2 18.Nxc5 Rxb5 19.Nxd7 Qxd7 20.Qa4 Qb7 21.Bxe4 d5 22.Bg2 Rb8 23.Rfd1 e6
24.e4 d4 25.Qc4 Qc8 26.Qxc8+ Rxc8 27.Bh3 Kf7 28.Rd2 Rcb8 29.Bf1 Rb4 30.Bd3 Ke7
31.f4 a5 32.a4 Bc3 33.Rdd1 Kd6 34.Bb5 Kc5 35.Kf2 h5 36.Ke2 h4 37.g4 Rf8 38.Rxb4 axb4
39.Rf1 b3 40.f5 gxf5  1/2-1/2

[Event "Staffordshire IM"]
[Site "Lichfield ENG"]
[Date "2000.07.06"]
[Round "1"]
[White "Hanley,C"]
[Black "Philippe,C"]
[Result "0-1"]
[WhiteElo "2231"]
[BlackElo "2293"]

1.d4 f5 2.g3 Nf6 3.Bg2 g6 4.c4 Bg7 5.Nf3 O-O 6.O-O d6 7.Nc3 Qe8 8.d5 a5 9.Rb1 Bd7
10.a3 a4 11.Nd4 Na6 12.h3 Nc5 13.Be3 c6 14.Qd2 Rc8 15.Rfd1 Qf7 16.Nf3 Nb3
17.Qd3 cxd5 18.cxd5 h6 19.Nd2 Nc5 20.Bxc5 Rxc5 21.b4 Rc7 22.b5 f4 23.e4 fxg3
24.fxg3 Nh5 25.Ne2 Qf2+ 26.Kh2 Rcc8 27.Rf1 Qb6 28.Nf3 Rf7 29.Nh4 g5 30.Rxf7 Kxf7
31.Rf1+ Nf6 32.e5 dxe5 33.Nf3 Qd6 34.Qe3 Kg8 35.Nxe5 Bxb5 36.Ng6 Re8 37.Rd1 Bxe2
38.Qxe2 Ng4+ 39.Qxg4 Qxg6 40.Be4 Qf6 41.Qe6+ Kh8 42.Qf5 Qxf5 43.Bxf5 Bb2
44.Kg2 Bxa3 45.Ra1 Bd6 46.Rxa4 b5 47.Ra1 b4 48.h4 gxh4 49.gxh4 Rg8+ 50.Kf3 Rg3+
51.Ke4 Kg7 52.Be6 b3 53.Rf1 h5 54.Rf7+ Kg6 55.Rf2 Bc5 56.Rf1 b2 57.Bf5+ Kg7
58.Ke5 Rc3 59.Rb1 Re3+ 60.Kf4 Re2 61.Kg5 Be3+ 62.Kxh5 Bc1 63.Kg4 Kf6 64.Be6 Rh2
65.h5 Rh1 66.Bd7 Ke5 67.Be6 Ke4 68.Bf7 Rg1+ 69.Kh3 Kf3 70.Kh2 Rf1 71.Bg6 Rd1  0-1

[Event "t-EuCh U18"]
[Site "Balatonlelle HUN"]
[Date "2000.07.09"]
[Round "1"]
[White "Jankovic,A"]
[Black "Bromberger,S"]
[Result "0-1"]
[WhiteElo "2343"]
[BlackElo "2375"]

1.d4 f5 2.Nf3 Nf6 3.g3 g6 4.Bg2 Bg7 5.O-O O-O 6.c4 d6 7.Nc3 Qe8 8.b3 e5 9.dxe5 dxe5
10.e4 Nc6 11.Nd5 Qd7 12.Ba3 Rd8 13.exf5 e4 14.Ng5 gxf5 15.Bb2 Nxd5 16.cxd5 Bxb2
17.dxc6 Qe7 18.Qc2 Bxa1 19.Qc4+ Kg7 20.cxb7 Bxb7 21.Ne6+ Kf6 22.Nxd8 Rxd8
23.Rxa1 Qe5 24.Re1 Rd2 25.Qb4 Qd5 26.Qf8+ Kg6 27.g4 Rxa2 28.g5 Kxg5 29.Qg7+ Kh5
30.Qxh7+ Kg5 31.Qg7+ Kh5 32.Qh7+ Kg5 33.Qg7+ Kh5 34.Re3 Qd1+ 35.Bf1 Qg4+
36.Qxg4+ Kxg4 37.h3+ Kh4 38.Bg2 f4 39.Re1 e3 40.Rf1  0-1

[Event "ch-SWE"]
[Site "Orebro SWE"]
[Date "2000.07.10"]
[Round "8"]
[White "Hellsten,J"]
[Black "Gruvaeus,C"]
[Result "1-0"]
[WhiteElo "2470"]
[BlackElo "2245"]

1.d4 f5 2.c4 Nf6 3.Nf3 g6 4.g3 Bg7 5.Bg2 O-O 6.O-O d6 7.Nc3 c6 8.Re1 Qc7
9.d5 Na6 10.Nd4 Bd7 11.e4 fxe4 12.Nxe4 Nxe4 13.Rxe4 Rae8 14.Ne6 Bxe6 15.Rxe6 Nc5
16.Re2 e6 17.Be3 exd5 18.cxd5 Re5 19.Rc1 Rfe8 20.b4 Ne4 21.dxc6 bxc6 22.Qb3+ Kh8
23.Rec2 Qd7 24.Rxc6 Ng5 25.Rc7 Qg4 26.Bxg5 Qxg5 27.f4 Re1+ 28.Rxe1 Rxe1+
29.Kf2 Qd8 30.Qf7  1-0

[Event "FSIMA July"]
[Site "Budapest HUN"]
[Date "2000.07.12"]
[Round "12"]
[White "Mont Reynaud,J"]
[Black "Zhao Xue"]
[Result "0-1"]
[WhiteElo "2282"]
[BlackElo "2373"]

1.d4 f5 2.c4 Nf6 3.Nf3 g6 4.g3 Bg7 5.Bg2 O-O 6.O-O d6 7.Nc3 Nc6 8.d5 Na5
9.Qd3 c5 10.b3 a6 11.Bb2 Rb8 12.Nd2 Qe8 13.a3 Ng4 14.h3 Ne5 15.Qc2 b5 16.cxb5 axb5
17.f4 Nf7 18.b4 cxb4 19.axb4 Nc4 20.Nxc4 bxc4 21.Na2 Bxb2 22.Qxb2 e5 23.dxe6 Qxe6
24.Rfd1 Qe3+ 25.Kh2 Bb7 26.Nc3 Rfe8 27.Bxb7 Rxb7 28.Kg2 g5 29.Rf1 d5 30.Rf3 Qe6
31.Rd1 Rd8 32.fxg5 d4 33.Na4 Qd5 34.Kh2 Nxg5 35.Rf4 Ne6 36.Rf3 Ra8 37.Ra3 Rab8
38.Qc2 Rxb4 39.Rf1 Qe4 40.Qd2 c3 41.Qh6 Qxe2+ 42.Kg1 Rb1 43.Ra1 Qxf1+  0-1

[Event "Staffordshire IM"]
[Site "Lichfield ENG"]
[Date "2000.07.12"]
[Round "7"]
[White "Krutti,V"]
[Black "Philippe,C"]
[Result "1-0"]
[WhiteElo "2382"]
[BlackElo "2293"]

1.c4 f5 2.g3 Nf6 3.Bg2 g6 4.Nf3 Bg7 5.O-O O-O 6.d4 d6 7.Nc3 Qe8 8.b3 e5 9.dxe5 dxe5
10.e4 Nc6 11.Bb2 f4 12.Nd5 Rf7 13.Ng5 Rd7 14.gxf4 h6 15.Nh3 Nh5 16.fxe5 Nxe5
17.f4 Nf3+ 18.Bxf3 Bxb2 19.Rb1 Bg7 20.Bxh5 gxh5 21.Qf3 c6 22.Ne3 Rd2 23.Rf2 Bg4
24.Nxg4 hxg4 25.Qxg4 Qxe4 26.Rxd2 Qxb1+ 27.Qd1 Qe4 28.Rd3 c5 29.Qf3 Qe1+
30.Kg2 Kh8 31.Re3 Qb1 32.Qe2 Rf8 33.a4 b6 34.Qd3 Qc1 35.Re6 Rg8 36.Rg6 Qb2+
37.Kg3 Qc1 38.Kg2 Re8 39.Qg3 Re2+ 40.Nf2 Qb2 41.f5 Kh7 42.Rc6 Bf8 43.Rc7+ Kh8
44.Rf7 Bd6 45.Qh4 Kg8 46.Rd7 Qe5 47.Rxd6 Rxf2+ 48.Qxf2 Qxd6 49.Qg3+ Qxg3+
50.Kxg3 Kf7 51.Kf4 Kf6 52.h4 Ke7 53.Ke5 Kf7 54.h5 Ke7 55.f6+ Kf7 56.a5 bxa5
57.Kf5 a6 58.Ke5 Ke8 59.Ke6 Kf8 60.f7 a4 61.bxa4 a5 62.Kd6 Kxf7 63.Kxc5  1-0

[Event "ch-SWE"]
[Site "Orebro SWE"]
[Date "2000.07.15"]
[Round "13"]
[White "Rylander,D"]
[Black "Gruvaeus,C"]
[Result "1-0"]
[WhiteElo "2223"]
[BlackElo "2245"]

1.d4 g6 2.c4 f5 3.g3 Nf6 4.Bg2 Bg7 5.Nf3 O-O 6.O-O d6 7.d5 c6 8.Nc3 e5 9.dxe6 Bxe6
10.b3 Na6 11.Bf4 Nh5 12.Bg5 Qd7 13.Qd2 Nc7 14.Rad1 d5 15.cxd5 Nxd5 16.Na4 f4
17.Nc5 Qf7 18.Nd4 Bg4 19.h3 Bc8 20.e4 Nc7 21.Rfe1 b6 22.Nxc6 bxc5 23.Nd8 Qe8
24.e5 f3 25.Bf1 Nxg3 26.Bc4+ Kh8 27.Qd6 Ne2+ 28.Kh1 Bxh3 29.e6 Rxd8 30.Qxc7 Rc8
31.Qd6 Bg2+ 32.Kh2 Rf5 33.Bxe2 Be5+ 34.Qxe5+ Rxe5 35.Bf6+ Kg8 36.Bc4 Rh5+
37.Kg3 Rh3+ 38.Kg4 h5+ 39.Kg5 Kh7 40.Rd7+ Kg8 41.Rg7+ Kf8 42.e7+  1-0